| 000 | 02098aam a2200361 i 4500 | ||
|---|---|---|---|
| 001 | 768714001 | ||
| 003 | CO-MdFUSB | ||
| 005 | 20231010171027.0 | ||
| 007 | ta | ||
| 008 | 231002t19801982flu||||g |||| 00| 0 spa d | ||
| 020 | _a0829712305 | ||
| 040 |
_aCO-MdFUSB _bspa _cCO-MdFUSB _dCO-MdFUSBC _erda |
||
| 041 |
_aspa _heng |
||
| 082 |
_223 _a248 _bN372 |
||
| 100 |
_aNee, Watchman. _d1903–1972 _eautor |
||
| 240 | _aThe mesenger of the cross | ||
| 245 | 3 |
_aEl mensajero de la cruz _c/ Watchman Nee ; traducido por José Silva D. |
|
| 250 | _aedición en idioma castellano | ||
| 264 | 1 |
_aMiami, Florida : _bVida, _c[1980] |
|
| 264 | 4 | _c©1982 | |
| 300 |
_a168 páginas _c; 18 cm |
||
| 336 |
_2rdacontent _atexto _btxt |
||
| 337 |
_2rdamedia _asin mediación _bn |
||
| 338 |
_2rdacarrier _avolumen _bnc |
||
| 504 | _aIncluye índice | ||
| 505 | _a1. El mensajero de la Cruz -- 2. En Cristo -- 3. La facultad de escoger -- 4. ¿Espiritual o mental? -- 5. Partiendo el alma y el Espíritu -- 6. Conociéndonos a nosotros mismos -- 7. ¿Como es su corazón? -- 8. El primer pecado del hombre -- 9. Tomad el yelmo de la salvación. | ||
| 520 | _aOtra obra de Watchman Nee sobre temas profundos e interesantes, escrita en su estilo penetrante, directo, no disfrazado. En ella nos enseña que la Cruz se halla en el origen de todo lo espiritual. La Cruz ocupa un lugar de capital importancia en el designio de la voluntad de Dios. para que Cristo sea el todo en todos, no hay ningún medio eficaz fuera de la Cruz. Por ella Cristo vino a nosotros y solo por ella lo conocemos, y llegamos a tener un verdadero conocimiento de nosotros mismos. esto significa que tenemos que dejar que la palabra de Dios penetre en nosotros hasta partir nuestra Alma y nuestro Espíritu, ya que la raíz de todos los pecados es la vida del yo caído del hombre. Cuando le damos este trato al yo, es cuando podemos convertirnos en verdaderos mensajeros de la Cruz. | ||
| 563 | _aRústico | ||
| 650 | 7 |
_9239 _aCristología |
|
| 700 |
_98347 _aSilva, José _etraductor |
||
| 942 | _cBK | ||
| 945 | _asor1564 | ||
| 999 |
_c69083 _d69083 |
||